[Event "FRA-ch U18 Girls"]
[Site "Saint Paul Trois Chateaux"]
[Date "2013.04.29"]
[Round "2"]
[White "Sonet, Kelly"]
[Black "Langlais, Victoire"]
[Result "1-0"]
[WhiteElo "1412"]
[BlackElo "1502"]
[PlyCount "75"]
[EventDate "2013.04.28"]
[EventType "swiss"]
[EventRounds "9"]
[EventCountry "FRA"]
[SourceTitle "CBM 154 Extra"]
[Source "ChessBase"]
[SourceDate "2013.06.25"]
[SourceVersion "2"]
[SourceVersionDate "2013.06.25"]
[SourceQuality "1"]

1. d4 d5 2. c4 Nf6 3. Nf3 e6 4. cxd5 exd5 5. Bg5 Be7 6. Nc3 c6 7. Qc2 Nbd7 8. e3 Nh5 9. Bxe7 Qxe7 10. Bd3 Nhf6 11. h3 h6 12. b4 a6 13. 0-0 Nb6 14. e4 dxe4 15. Nxe4 0-0 16. Rae1 Be6 17. Nc5 Rab8 18. Bc4 Nxc4 19. Qxc4 Rfe8 20. Nxe6 fxe6 21. Ne5 Nd5 22. Qd3 Rbd8 23. Re4 Qf6 24. Qg3 Qg5 25. Rg4 Qf6 26. Rg6 Qf8 27. Rxh6 Re7 28. Ng6 gxh6 29. Nxf8+ Kxf8 30. Re1 b5 31. Qg6 Nc7 32. Qxh6+ Kg8 33. Re4 Rdd7 34. h4 Rh7 35. Qe3 Nd5 36. Rg4+ Kf8 37. Qxe6 Nb6 38. Rg8# 1-0

[Event "FRA-ch U10 Girls"]
[Site "Aix les Bains"]
[Date "2006.??.??"]
[Round "1"]
[White "Langlais, Victoire"]
[Black "Lucas, Mauranne"]
[Result "0-1"]
[WhiteElo "1180"]
[BlackElo "1510"]
[PlyCount "74"]
[EventDate "2006.04.16"]
[EventType "swiss"]
[EventRounds "9"]
[EventCountry "FRA"]
[SourceTitle "EXT 2007"]
[Source "ChessBase"]
[SourceDate "2006.11.23"]
[SourceVersion "1"]
[SourceVersionDate "2006.11.23"]
[SourceQuality "1"]

1. e4 e6 2. d4 d5 3. Nc3 Nf6 4. e5 Ne4 5. Bd3 Nxc3 6. bxc3 Nc6 7. Nf3 Be7 8. Rb1 0-0 9. 0-0 b6 10. Re1 f6 11. exf6 Rxf6 12. Bg5 Rf7 13. Bxe7 Qxe7 14. Qd2 Qf8 15. Ng5 Rf4 16. Bxh7+ Kh8 17. Qe3 Qf6 18. Qg3 e5 19. dxe5 Nxe5 20. Re2 Ba6 21. Rd2 Bc4 22. Bd3 Bxa2 23. Qh3+ Qh6 24. Qxh6+ gxh6 25. Rb2 hxg5 26. Rxa2 d4 27. cxd4 Rxd4 28. Ra3 c5 29. Re2 Nxd3 30. cxd3 c4 31. Re3 Rc8 32. Rh3+ Kg7 33. Rxa7+ Kg8 34. Rg3 cxd3 35. Rxg5+ Kf8 36. Rf5+ Ke8 37. Rh5 Rc1# 0-1